banner-ar

حرب تقرير المصير فى كاراباخ الأرمنية / (Record no. 43846)

MARC details
000 -الفاتح
حقل البيانات ثابتة الطول 00813nam a2200241Ia 4500
008 - عناصر البيانات ثابتة الطول - معلومات عامة
حقل البيانات ثابتة الطول 140319s9999 xx 000 0 ara d
040 ## - مصدر الفهرسة
وكالة الفهرسة الأصلية GCL /
وكالة النسخ GCL
082 04 - رقم تصنيف ديوى العشرى
رقم التصنيف 956.462
رقم المادة ك ح
100 1# - المدخل الرئيسى - إسم شخصى
الإسم الشخصى خالد الجييلى
245 10 - بيان العنوان
العنوان حرب تقرير المصير فى كاراباخ الأرمنية /
بيان المسئوليه,etc خالد الجييلى
700 1# - المدخل الاضافى - اسم شخصى
الإسم الشخصى كوكس , كارولين
700 1# - المدخل الاضافى - اسم شخصى
الإسم الشخصى ايبتر، جون
700 1# - المدخل الاضافى - اسم شخصى
الإسم الشخصى سان روف، بونر (تقديم)
300 ## - الوصف المادى
التعداد 104
490 ## - بيان السلسلة
عنوان السلسلة سلسلة الدراسات الادبية والتاريخية
رقم المجلد/ التعيين التسلسلي 0
650 04 - المدخل الاضافى بالموضوع-مصطلح موضوعى
مصطلح موضوعي العصر الحديث
650 04 - المدخل الاضافى بالموضوع-مصطلح موضوعى
مصطلح موضوعي الاتحاد السوفيتى
650 04 - المدخل الاضافى بالموضوع-مصطلح موضوعى
مصطلح موضوعي تفكك
650 04 - المدخل الاضافى بالموضوع-مصطلح موضوعى
مصطلح موضوعي ارمينيا - تاريخ
650 04 - المدخل الاضافى بالموضوع-مصطلح موضوعى
مصطلح موضوعي الاتحاد السوفيتى - تاريخ
942 ## - عناصر المدخل الإضافي( كوها)
مصدر التصنيف او مخطط الترفيف Dewey Decimal Classification
Koha [default] item type كتاب
Holdings
حالة التراجع حالة الفقد حالة تلف ليس للاعارة المكان المؤقت الموقع الحالى تاريخ الاكتساب اجمالي اﻻعارات رقم الطلب الباركود تاريخ اخر مشاهدة تاريخ تفعيل السعر نوع وعاء كوها
        مكتبة القاهرة الكبرى مكتبة القاهرة الكبرى 03/26/2014   956.462\ك ح 106290 03/26/2014 03/26/2014 كتاب
        مكتبة القاهرة الكبرى مكتبة القاهرة الكبرى 03/26/2014   956.462\ك ح 106291 03/26/2014 03/26/2014 كتاب
        مكتبة القاهرة الكبرى مكتبة القاهرة الكبرى 03/26/2014   956.462\ك ح 106292 03/26/2014 03/26/2014 كتاب

Powered By

EGPV